Where Is That 'G' City? Quiz Stats

 Plays Quiz Updated May 10, 2018

Challenge
Share
Tweet
Embed
Score 0/20 Timer 04:00
15 Plays Today
Question Answer Wrong Answers
Glasgow United Kingdom
88%
Ireland
7.1%
Luxembourg
1.3%
Liechtenstein
0.7%
Guadalajara Mexico
85.3%
Guatemala
5.3%
Costa Rica
2.2%
Nicaragua
4.1%
Guantánamo Cuba
84.3%
United States
9.2%
Bahamas
2%
Jamaica
1.6%
Ghent Belgium
82.3%
Iceland
3.2%
Denmark
7.7%
Cyprus
3.6%
Green Bay United States
82%
Canada
5.3%
Jamaica
8.9%
Brazil
0.8%
Gdańsk Poland
80.9%
Denmark
6.6%
Sweden
4.2%
Norway
5.1%
Grenoble France
76.6%
Italy
9.2%
Monaco
4.9%
Andorra
6%
Gaza City Palestine
76.2%
Egypt
14.5%
Syria
4.5%
Kuwait
1.9%
Graz Austria
72.6%
Australia
3.6%
Germany
6.6%
Romania
13.8%
Georgetown Guyana
67.5%
Suriname
16.6%
Colombia
8.1%
Venezuela
4.6%
Gothenburg Sweden
65.7%
Iceland
1.2%
Denmark
9.6%
Germany
20.3%
Grozny Russia
64.6%
Norway
4.4%
Estonia
15%
Moldova
12.5%
Groningen Netherlands
61.9%
Belgium
10%
Switzerland
16.7%
Slovakia
8%
Gaborone Botswana
54.4%
Algeria
8.5%
Burkina Faso
19.9%
Mali
13.7%
Gaziantep Turkey
49.4%
Palestine
8.4%
Georgia
14.1%
Armenia
24.4%
Guayaquil Ecuador
47.9%
Colombia
12%
Peru
15.2%
Paraguay
21.3%
Gijón Spain
42.9%
France
31.1%
Portugal
17.4%
Cuba
5.2%
Geelong Australia
41.6%
South Africa
12.1%
Madagascar
8.8%
Malaysia
34.1%
Goiânia Brazil
36.1%
Equatorial Guinea
24%
Guyana
19.6%
Angola
16.6%
Gatineau Canada
31.8%
France
24.9%
Haiti
23.2%
Switzerland
16.7%

You're not logged in!

Compare scores with friends on all Sporcle quizzes.
OR
Log In

You Might Also Like...

Show Comments

Extras

Top Quizzes Today


Score Distribution

Your Account Isn't Verified!

In order to create a playlist on Sporcle, you need to verify the email address you used during registration. Go to your Sporcle Settings to finish the process.

Report this User

Report this user for behavior that violates our Community Guidelines.

Details: